[Event "Let's Play Chess!"]
[Site "http://www.queenalice.com/game.php?id=1632165"]
[Date "2020.11.9"]
[Round "-"]
[White "DC"]
[Black "charles31"]
[Result "1-0"]
[WhiteElo "1378"]
[BlackElo "1550"]

1. e4 e5 2. f4 exf4 3. d3 Nc6 4. Bxf4 Bb4+ 5. c3 Ba5 6. Na3 a6 7. Nc4 d6 8. Ne2
h6 9. Nd4 Nxd4 10. Qa4+ Nc6 11. Nxa5 Qd7 12. Nc4 Nf6 13. Ne3 b5 14. Qc2 Ng4 15.
Nd5 O-O 16. h3 Nf6 17. Bxh6 gxh6 18. Nxf6+ Kg7 19. Nxd7 Bxd7 20. O-O-O a5 21.
Qf2 f5 22. Qh4 fxe4 23. Qxe4 Rae8 24. Qh4 Ne5 25. Be2 Ng6 26. Qg3 Rf5 27. h4 Kf7
28. Rdf1 Rxe2 29. Rf3 Kf6 30. Qh3 Ke5 31. Qg3+ Kf6 32. h5 Rxf3 33. Qxg6+ Ke7 34.
gxf3 Re6 35. Qg7+ Kd8 36. Rg1 Kc8 37. Qd4 Kb7 38. a4 bxa4 39. Qd5+ Kb6 40. f4 c6
41. Qd4+ Kb5 42. c4+ Ka6 43. f5 Re8 44. Qxd6 Bxf5 45. Qxc6+ 1-0

[Event "Let's Play Chess!"]
[Site "http://www.queenalice.com/game.php?id=1633083"]
[Date "2020.11.16"]
[Round "-"]
[White "charles31"]
[Black "DC"]
[Result "1-0"]
[WhiteElo "1558"]
[BlackElo "1401"]

1. Nc3 e6 2. e4 b6 3. a3 Nf6 4. d4 Bb7 5. Bd3 g6 6. h3 Bg7 7. Nf3 c5 8. dxc5
bxc5 9. Bg5 Qb6 10. Qc1 Qa5 11. Ne5 O-O 12. Bd2 c4 13. Bxc4 Qxe5 14. f4 Qc7 15.
Bd3 d5 16. exd5 Nxd5 17. Nxd5 Bxd5 18. Rg1 Bd4 19. Be3 Nc6 20. Bxd4 Nxd4 21. g4
Nf3+ 22. Kf1 Nxg1 23. Kxg1 Rad8 24. Qe3 e5 25. fxe5 Rfe8 26. Re1 Rd7 27. b3 Rde7
28. Qd4 Bb7 29. c4 Rxe5 30. Rxe5 Rxe5 31. h4 Re1+ 32. Kf2 Qg3+ 33. Kxg3 Re8 34.
Kf2 Ra8 35. g5 1-0

[Event "AUTO-OPEN-4230"]
[Site "http://www.queenalice.com/game.php?id=1633573"]
[Date "2020.11.19"]
[Round "1"]
[White "maurice91"]
[Black "DC"]
[Result "0-1"]
[WhiteElo "1756"]
[BlackElo "1389"]

1. d4 d5 2. Bf4 e6 3. Nf3 Nc6 4. c3 Nf6 5. Nbd2 Na5 6. e3 c5 7. Bb5+ Bd7 8. Qe2
a6 9. Bxd7+ Qxd7 10. Ne5 Qe7 11. dxc5 Nc6 12. b4 Nxe5 13. Bxe5 g6 14. g4 Bh6 15.
h4 g5 16. Nf3 Nxg4 17. Bxh8 gxh4 18. Rxh4 Nf6 19. Rxh6 Qf8 20. Rxf6 Qxh8 21. Rf4
Qxc3+ 22. Kf1 Qxa1+ 23. Kg2 Qg7+ 24. Kh2 O-O-O 25. a4 Rg8 26. Qf1 e5 27. Qh3+
Kc7 28. Rh4 e4 29. Rxh7 Qg6 30. Rh6 Qg7 31. Rh7 Qf6 32. Nd4 Qxf2+ 33. Kh1 Qg1#
0-1

[Event "AUTO-OPEN-4230"]
[Site "http://www.queenalice.com/game.php?id=1633574"]
[Date "2020.11.19"]
[Round "1"]
[White "DC"]
[Black "maurice91"]
[Result "0-1"]
[WhiteElo "1391"]
[BlackElo "1738"]

1. e4 d5 2. Nc3 d4 3. Na4 Bd7 4. Nc5 Nc6 5. Nxb7 Qb8 6. Nc5 e5 7. Nxd7 Kxd7 8.
g3 Nf6 9. d3 a5 10. Bh3+ Kd8 11. b3 Bb4+ 12. Bd2 Bxd2+ 13. Qxd2 Ke7 14. Nf3 h6
15. O-O g5 16. c3 g4 17. Bxg4 Nxg4 18. Nh4 dxc3 19. Qxc3 Qb6 20. h3 Nf6 21. Kg2
Rae8 22. f4 Nd7 23. f5 Rhg8 24. g4 Nf6 25. Nf3 Kd8 26. Rac1 Kd7 27. Rfd1 h5 28.
d4 Nxe4 29. dxe5+ Kc8 30. Qc2 hxg4 31. Qxe4 gxf3+ 32. Kxf3 Nxe5+ 33. Kf4 Qf2+
34. Qf3 Qxf3# 0-1

[Event "AUTO-OPEN-4230"]
[Site "http://www.queenalice.com/game.php?id=1633593"]
[Date "2020.11.19"]
[Round "1"]
[White "Carlos19"]
[Black "DC"]
[Result "0-1"]
[WhiteElo "1435"]
[BlackElo "1341"]

1. e4 e5 2. Nf3 d6 3. Bc4 Nc6 4. d3 Nd4 5. Nxd4 exd4 6. b3 Nf6 7. O-O Bd7 8. h3
Bxh3 9. gxh3 Qd7 10. Bg5 Qxh3 11. Bxf6 gxf6 12. Re1 Rg8+ 0-1

[Event "AUTO-OPEN-4230"]
[Site "http://www.queenalice.com/game.php?id=1633594"]
[Date "2020.11.19"]
[Round "1"]
[White "DC"]
[Black "Carlos19"]
[Result "1-0"]
[WhiteElo "1361"]
[BlackElo "1391"]

1. e4 e5 2. f4 Qh4+ 3. g3 Qe7 4. d3 d6 5. c3 Nf6 6. fxe5 Qxe5 7. Bf4 Qb5 8. Nf3
Qxb2 9. Nbd2 Qxc3 10. Rc1 Qa5 11. a4 Ng4 12. Be2 c6 13. O-O Ne3 14. Bxe3 Bh3 15.
Rf2 d5 16. Ng5 Bd7 17. Nxf7 Rg8 18. exd5 cxd5 19. d4 g6 20. Bb5 Bxb5 21. axb5
Nd7 22. Qb3 Ba3 23. Rcf1 Be7 24. Qxd5 Qa3 25. Nd6+ Bxd6 26. Qxg8+ Nf8 27. Qf7+
Kd8 28. Bg5+ Kc8 29. Qe8+ Kc7 30. Qxa8 Ne6 31. Rf7+ Kb6 32. Nc4+ Kxb5 33. Nxa3+
1-0

[Event "Let's Play Chess!"]
[Site "http://www.queenalice.com/game.php?id=1634792"]
[Date "2020.11.30"]
[Round "-"]
[White "charles31"]
[Black "DC"]
[Result "1-0"]
[WhiteElo "1645"]
[BlackElo "1481"]

1. e4 c5 2. Nc3 e6 3. Nh3 g6 4. d4 cxd4 5. Qxd4 Nf6 6. Bg5 Bg7 7. Bb5 O-O 8.
O-O-O Qa5 9. Bxf6 Nc6 10. Bxc6 e5 11. Qd5 Qxd5 12. Bxd5 Bxf6 13. Kb1 d6 14. f4
a5 15. fxe5 Bxe5 16. Rd3 Ra6 17. g3 b5 18. Nf4 a4 19. Nxb5 Rb6 20. c4 Ba6 21.
Ra3 Bxb5 22. Rc1 Bxc4 23. Rxc4 Rxb2+ 24. Kc1 Rxh2 25. Raxa4 Rb8 26. Rcb4 Rc8+
27. Rc4 Bb2+ 28. Kb1 Rb8 29. Rcb4 Rxb4 30. Rxb4 Be5 31. Rb8+ Kg7 32. Rb7 Rh1+
33. Kc2 Rg1 34. Rxf7+ Kh6 35. Ne2 Rg2 36. Kd3 Bxg3 37. e5 Rxe2 38. Kxe2 Bxe5 39.
Kd3 g5 40. a4 Kg6 41. a5 Bh2 42. a6 Bg1 43. a7 Bxa7 44. Rxa7 h5 45. Ke4 h4 46.
Bf7+ 1-0

[Event "Let's Play Chess!"]
[Site "http://www.queenalice.com/game.php?id=1634793"]
[Date "2020.11.30"]
[Round "-"]
[White "DC"]
[Black "charles31"]
[Result "1-0"]
[WhiteElo "1436"]
[BlackElo "1717"]

1. e4 e5 2. f4 exf4 3. Nf3 g5 4. h4 gxh4 5. Rxh4 Bh6 6. d3 Qf6 7. Nc3 c6 8. Ne2
d6 9. Bxf4 Bxf4 10. Rxf4 Qe7 11. Qd2 Be6 12. Qc3 Na6 13. Qxh8 f6 14. Ned4 O-O-O
15. Nxe6 Qxe6 16. Qxh7 Rd7 17. Qh4 Rf7 18. a3 d5 19. O-O-O Nc5 20. g3 dxe4 21.
dxe4 Nd7 22. Qh8 Rf8 23. Bh3 Qf7 24. Rxd7 Qxd7 25. Bxd7+ Kxd7 26. e5 f5 27. Qg7+
Ke8 28. e6 1-0

[Event "Let's Play Chess!"]
[Site "http://www.queenalice.com/game.php?id=1634803"]
[Date "2020.11.30"]
[Round "-"]
[White "Glauber_M_F"]
[Black "DC"]
[Result "0-1"]
[WhiteElo "1040"]
[BlackElo "1419"]

1. e4 c5 2. Nc3 e5 3. d3 d6 4. Be3 Nh6 5. Nf3 Be7 6. h4 Qb6 7. Nd5 Qa5+ 8. c3
O-O 9. Nxe7+ Kh8 10. Ng5 b5 11. Qh5 Bg4 12. Nxf7+ Rxf7 13. Qg5 b4 14. f3 bxc3
15. Kd1 cxb2 16. Rb1 Qxa2 17. Kc2 Bd7 18. Be2 Ba4+ 19. Kc3 Qb3+ 20. Kd2 Qc2+ 21.
Ke1 Qxb1+ 22. Kd2 Qxh1 23. Nc8 Qc1# 0-1

[Event "Challenge"]
[Site "http://www.queenalice.com/game.php?id=1635184"]
[Date "2020.12.3"]
[Round "-"]
[White "DC"]
[Black "Glauber_M_F"]
[Result "1-0"]
[WhiteElo "1472"]
[BlackElo "1063"]

1. e4 e5 2. f4 f6 3. fxe5 fxe5 4. Qh5+ g6 5. Qxe5+ Qe7 6. Qxh8 Qxe4+ 7. Ne2 Qe6
8. Qxh7 Nh6 9. d3 d5 10. Bxh6 c5 11. Nd2 d4 12. O-O-O Qxa2 13. Qxg6+ Kd8 14.
Bg5+ Be7 15. Nf4 Bg4 16. Bxe7+ Kc8 17. Qxg4+ Nd7 18. g3 1-0

[Event "Challenge"]
[Site "http://www.queenalice.com/game.php?id=1635251"]
[Date "2020.12.3"]
[Round "-"]
[White "Carlos19"]
[Black "DC"]
[Result "0-1"]
[WhiteElo "1448"]
[BlackElo "1419"]

1. e4 c5 2. Nc3 a6 3. Nf3 d6 4. Bc4 Nf6 5. O-O g6 6. d3 Bg7 7. Ng5 Bg4 8. f3 Bd7
9. Nxf7 Qb6 10. Nxh8 Bxh8 11. h3 Nh5 12. a4 Bd4+ 13. Kh1 Ng3+ 14. Kh2 Nxf1+ 15.
Qxf1 Nc6 16. Nd5 Qd8 17. Bg5 Qa5 18. c3 Be5+ 19. f4 Bg7 20. g4 h6 21. f5 hxg5
22. fxg6 O-O-O 23. Qf7 Be5+ 24. Kg2 b5 25. Bb3 b4 26. Nxe7+ Nxe7 27. Qxe7 bxc3
28. bxc3 Qxc3 29. Rb1 Qxd3 30. Ba2 Qxe4+ 31. Kf1 Qf3+ 32. Ke1 Bc3# 0-1

[Event "Challenge"]
[Site "http://www.queenalice.com/game.php?id=1635891"]
[Date "2020.12.9"]
[Round "-"]
[White "Carlos19"]
[Black "DC"]
[Result "0-1"]
[WhiteElo "1507"]
[BlackElo "1463"]

1. e4 c5 2. Bc4 e6 3. Nf3 Nf6 4. Nc3 Be7 5. d3 O-O 6. O-O d5 7. Bb3 Qc7 8. exd5
exd5 9. Nxd5 Nxd5 10. Bxd5 Nd7 11. Re1 Bd6 12. c4 Ne5 13. Nxe5 Bxe5 14. Qh5 Re8
15. Be4 g6 16. Qh6 Bd7 17. h3 f5 18. Bd5+ Kh8 19. f4 Bd4+ 20. Kf1 Qa5 21. Qh4
Rab8 22. Rxe8+ Rxe8 23. g4 b5 24. Qf6+ Bxf6 25. cxb5 Qe1+ 26. Kg2 Re2+ 27. Kf3
Qf2# 0-1

[Event "Let's Play Chess!"]
[Site "http://www.queenalice.com/game.php?id=1645478"]
[Date "2021.3.3"]
[Round "-"]
[White "DC"]
[Black "bobifixer"]
[Result "0-1"]
[WhiteElo "1437"]
[BlackElo "2106"]

1. e4 c5 2. Bc4 e6 3. Nc3 d6 4. d3 Nf6 5. Nh3 h6 6. Qf3 a6 7. a4 Be7 8. O-O O-O
9. Qg3 Kh8 10. Be3 Nc6 11. e5 Nxe5 12. f4 Nxc4 13. dxc4 b6 14. Qh4 Nd5 15. Qe1
Nxe3 16. Qxe3 Bb7 17. g4 d5 18. Rad1 d4 19. Qe5 Bd6 20. Qe2 dxc3 21. bxc3 Qc7
22. f5 exf5 23. gxf5 Rae8 24. Qg4 Bxh2+ 25. Kf2 Re4 0-1

[Event "Let's Play Chess!"]
[Site "http://www.queenalice.com/game.php?id=1645479"]
[Date "2021.3.3"]
[Round "-"]
[White "bobifixer"]
[Black "DC"]
[Result "1-0"]
[WhiteElo "2062"]
[BlackElo "1441"]

1. c4 c6 2. d4 d5 3. cxd5 cxd5 4. Nf3 e6 5. g3 Qb6 6. Nc3 Nf6 7. Bg2 Nc6 8. O-O
Bd6 9. e3 O-O 10. a3 Bd7 11. b4 a6 12. Rb1 e5 13. dxe5 Bxe5 14. Nxe5 Nxe5 15.
Nxd5 Qd6 16. Nxf6+ Qxf6 17. Bb2 Rad8 18. Qc2 1-0

[Event "Let's Play Chess!"]
[Site "http://www.queenalice.com/game.php?id=1807505"]
[Date "2023.3.15"]
[Round "-"]
[White "igor12345"]
[Black "DC"]
[Result "1-0"]
[WhiteElo "2057"]
[BlackElo "1439"]

1. e4 e5 2. f4 exf4 3. Nf3 g5 4. h3 f6 5. d4 Qe7 6. Nc3 b6 7. a3 Bb7 8. Nd2 Nc6
9. d5 Ne5 10. b4 c6 11. Qh5+ Qf7 12. Qxf7+ Kxf7 13. Nf3 Ne7 14. Nxe5+ fxe5 15.
Bc4 Kg6 16. Bd3 Kf6 17. dxc6 Bxc6 18. Bb2 Rd8 19. b5 Bb7 20. O-O-O Ng6 21. Be2
d5 22. exd5 Ne7 23. Bf3 h5 24. Ne4+ Kf5 25. c4 g4 26. hxg4+ Kg6 27. Bxe5 hxg4
28. Rxh8 1-0

[Event "Let's Play Chess!"]
[Site "http://www.queenalice.com/game.php?id=1807776"]
[Date "2023.3.15"]
[Round "-"]
[White "DC"]
[Black "igor12345"]
[Result "0-1"]
[WhiteElo "1460"]
[BlackElo "2007"]

1. e4 c5 2. Bc4 Nc6 3. Qf3 e6 4. d3 Nd4 5. Qd1 b5 6. Bxe6 dxe6 7. c3 Nc6 8. Nf3
e5 9. Na3 a6 10. O-O Bg4 11. h3 Bh5 12. g4 Bg6 13. h4 h5 14. Ng5 Qd7 15. f3 Nf6
16. Be3 hxg4 17. fxg4 Nxg4 18. Rxf7 Bxf7 19. Kf1 Nxe3+ 20. Ke2 Nxd1 21. Rxd1
Bh5+ 22. Kd2 Bxd1 23. Kxd1 Rxh4 0-1

[Event "Let's Play Chess!"]
[Site "http://www.queenalice.com/game.php?id=1807843"]
[Date "2023.3.14"]
[Round "-"]
[White "cdare"]
[Black "DC"]
[Result "1-0"]
[WhiteElo "1831"]
[BlackElo "1448"]

1. e4 e5 2. Nf3 d6 3. h3 b6 4. Bc4 Bb7 5. Nc3 Nc6 6. d3 g6 7. O-O Nf6 8. Bg5 h6
9. Bxf6 Qxf6 10. Nd5 Qd8 11. Nh2 Qd7 12. Nf6+ Ke7 13. Nxd7 Kxd7 14. c3 f5 15.
exf5 gxf5 16. Qh5 f4 17. Qf7+ Ne7 18. Be6+ Kc6 19. Qf6 1-0

[Event "Let's Play Chess!"]
[Site "http://www.queenalice.com/game.php?id=1807844"]
[Date "2023.3.14"]
[Round "-"]
[White "DC"]
[Black "cdare"]
[Result "0-1"]
[WhiteElo "1450"]
[BlackElo "1829"]

1. e4 e5 2. f4 Nc6 3. d3 Nf6 4. fxe5 Nxe5 5. g3 h6 6. Nf3 Nxf3+ 7. Qxf3 Bc5 8.
Nc3 d6 9. Bf4 O-O 10. O-O-O Be6 11. h3 Nh7 12. g4 f6 13. g5 fxg5 14. Bg3 Rxf3
15. Ne2 Bxa2 16. b3 Qf6 17. c3 Bxb3 18. Bg2 Bxd1 0-1

[Event "Let's Play 669"]
[Site "http://www.queenalice.com/game.php?id=1808796"]
[Date "2023.3.29"]
[Round "-"]
[White "DC"]
[Black "digger"]
[Result "1-0"]
[WhiteElo "1442"]
[BlackElo "1490"]

1. e4 e5 2. f4 exf4 3. Nf3 Qe7 4. d3 Qf6 5. g4 g5 6. h4 gxh4 7. Rxh4 Be7 8. g5
Qe6 9. Bh3 Qb6 10. b3 Qa5+ 11. Bd2 Qb6 12. Bxf4 f6 13. Nc3 fxg5 14. Nxg5 Bxg5
15. Qh5+ Kf8 16. Qxg5 h6 17. Qf5+ Ke8 18. Qe5+ Kf7 19. Qxh8 Qg1+ 20. Bf1 Qg7 21.
Qxg7+ Kxg7 22. O-O-O d6 23. Be2 Nc6 24. Rg1+ Kf8 25. Bxh6+ Nxh6 26. Rxh6 Ne7 27.
d4 a5 28. Bc4 b6 29. Rh8+ Ng8 30. Bxg8 Ke7 31. Rh7+ Kd8 32. Bd5 Bd7 33. Rg8+ Be8
34. Bxa8 d5 35. Nxd5 b5 36. Nxc7 a4 37. Nxe8 axb3 38. Nd6# 1-0

[Event "Let's Play 670"]
[Site "http://www.queenalice.com/game.php?id=1808797"]
[Date "2023.3.29"]
[Round "-"]
[White "digger"]
[Black "DC"]
[Result "1-0"]
[WhiteElo "1460"]
[BlackElo "1458"]

1. d4 d5 2. Nc3 e6 3. e3 Nf6 4. Bd2 Ng4 5. h3 Nf6 6. Qf3 Nc6 7. Bb5 Bd7 8. O-O-O
Bd6 9. Kb1 Nxd4 10. exd4 O-O 11. Bd3 c5 12. dxc5 Bxc5 13. a3 Rc8 14. Nge2 Qb6
15. g4 Bxa3 16. Bc1 Ne4 17. Bxe4 dxe4 18. Nxe4 Ba4 19. Qxa3 Bc6 20. Rd6 Qxf2 21.
Nxf2 1-0